000 00544nam a2200205Ia 4500
005 20250923144550.0
008 008 250917s9999 xx 000 0 eng d
037 _aTextual
040 _aDSWL
_beng
_cDSWL
041 _aeng
_2eng
084 _qDSWL
100 _aKennedy, A.E.Clark
_9826155
245 0 _aHuman disease
_cby A E Clark Kennedy.
260 _aHarmonds
_bHarmonds Worth Penguin Books Ltd.
_c1957
300 _a267p.
365 _aINR
_b3.6
925 _g3.6
942 _cTEXL
999 _c1440579
_d1440579